000 00413nam a2200145Ia 4500
008 220214s9999 xx 000 0 und d
100 _aMoreau F
245 0 _aPhospholipid and fatty acid composition of outer and inner membranes of plant mitochondria
260 _bBiochemica et Biophysica Acta
_c1974
300 _a294-304
650 _aPhospholipid
700 _aDupont J
700 _aLance C
942 _cRE
999 _c45457
_d45457